10 Best-Selling Vinyl Albums of All-Time - Statistics

General Stats
  • This quiz has been taken 26 times
  • The average score is 3 of 10
Answer Stats
Release Year Answer % Correct
1982 Thriller - Michael Jackson
100%
1973 The Dark Side of the Moon - Pink Floyd
65%
1977 Rumors - Fleetwood Mac
46%
1976 Their Greatest Hits - Eagles
46%
1977 Saturday Night Fever - Bee Gees
27%
1978 Grease: The Original Soundtrack from the Motion Picture - Various Artists
23%
1980 Back in Black - AC/DC
19%
1977 Bat Out of Hell - Meat Loaf
8%
1997 Come On Over - Shania Twain
4%
1992 The Bodyguard - Whitney Houston
0%
No matching quizzes found
Score Distribution
Percent of People with Each Score
Percentile by Number Answered
Your Score History
You have not taken this quiz